00417nam a2200169Ia 450000500170000000800410001702000150005804000190007304100120009208200160010424500470012026000260016730000170019350400190021065000080022985000100023720231111112105.0131103s9999 xx 000 0 und d a1845730836 aLoreto College aEnglish a736.98bORI 4aThe complete guide to origami & papercraft aLondonbQuantumc2006 a448p.b pic. aIncludes index aArt aLCLIB